[Event "Superettan(Vasteras II-Rock,Sthlm II)"]
[Site "?"]
[Date "2019.01.12"]
[Round "4"]
[White "Emmoth, Alfons"]
[Black "Alarik, Martin"]
[Result "1/2-1/2"]
[WhiteElo "2109"]
[BlackElo "2052"]
[PlyCount "86"]
1. d4 Nf6 2. c4 e6 3. Nc3 Bb4 4. Qc2 O-O 5. Nf3 d6 6. Bd2 Nbd7 7. a3 Bxc3 8.
Bxc3 Re8 9. e4 e5 10. d5 a5 11. b4 axb4 12. axb4 Rxa1+ 13. Bxa1 c5 14. dxc6
bxc6 15. Be2 c5 16. Bc3 Bb7 17. Bd3 cxb4 18. Bxb4 Qb6 19. Bc3 Nc5 20. Nd2 Nh5
21. g3 f5 22. f3 Nf6 23. Ke2 fxe4 24. Bxe4 Bxe4 25. fxe4 Qc6 26. Ke3 Rf8 27. h3
Qb6 28. Rb1 Qa7 29. Ra1 Qd7 30. Rh1 Qf7 31. Rf1 Qg6 32. Rf3 Qh6+ 33. Ke2 Qxh3
34. Bb4 Qg2+ 35. Rf2 Qxg3 36. Bxc5 dxc5 37. Qb2 Rd8 38. Rf3 Qg2+ 39. Ke1 Nxe4
40. Rf5 Nxd2 41. Qxe5 Nf3+ 42. Rxf3 Qxf3 43. Qxg7+ Kxg7 1/2-1/2

[Event "Superettan(Alingsas-Kungstornet)"]
[Site "?"]
[Date "2019.01.12"]
[Round "4"]
[White "Henriksson, Johan"]
[Black "Bergre, Joachim"]
[Result "1-0"]
[WhiteElo "2262"]
[BlackElo "1944"]
[PlyCount "89"]
1. d4 Nf6 2. c4 c5 3. Nf3 g6 4. g3 Bg7 5. Bg2 O-O 6. O-O d6 7. Nc3 Nc6 8. b3
cxd4 9. Nxd4 Nxd4 10. Qxd4 a6 11. Bb2 Ng4 12. Qd2 Rb8 13. Rfd1 Be6 14. Ne4 Bxb2
15. Qxb2 Qa5 16. h3 Nh6 17. Qd2 Qxd2 18. Rxd2 b6 19. Ng5 Bc8 20. e4 Bb7 21. f4
Rfc8 22. Re1 Rc7 23. g4 b5 24. Bf1 Bc6 25. e5 dxe5 26. fxe5 bxc4 27. Bxc4 Bb5
28. Bd5 e6 29. Bf3 Rc3 30. Kf2 Bc6 31. Re3 Rxe3 32. Kxe3 Bxf3 33. Kxf3 Rb5 34.
Kf4 a5 35. Rd8+ Kg7 36. Rd7 Rb4+ 37. Ke3 Kg8 38. Ra7 Rb5 39. Kf4 Rd5 40. Ne4
Kg7 41. Ra8 Ng8 42. Rxg8+ Kxg8 43. Nf6+ Kf8 44. Nxd5 exd5 45. Ke3 1-0

[Event "Superettan(Vasteras II-Rock,Sthlm II)"]
[Site "?"]
[Date "2019.01.12"]
[Round "4"]
[White "Todorovic, Zoran"]
[Black "Backman, Andreas"]
[Result "1-0"]
[WhiteElo "2072"]
[BlackElo "2109"]
[PlyCount "105"]
1. e4 g6 2. d4 Bg7 3. Nf3 d6 4. Bc4 Nc6 5. Be3 Nf6 6. d5 Nb8 7. Nc3 c6 8. h3
O-O 9. O-O b5 10. Bd3 b4 11. Ne2 cxd5 12. exd5 Bb7 13. Qd2 Bxd5 14. Bh6 Bxf3
15. gxf3 Nc6 16. Kg2 Qa5 17. Bxg7 Kxg7 18. a3 Qh5 19. axb4 Ne5 20. Ng1 Rfc8 21.
Ra5 Qh4 22. c3 Nxd3 23. Qxd3 Nh5 24. Ne2 Rc4 25. Qe3 e5 26. Rd1 Qe7 27. Ra6 Rd8
28. Rxa7 Qf6 29. Ra5 Rh4 30. Rh1 d5 31. Rc5 g5 32. Kf1 Ra8 33. Ra5 Rxa5 34.
bxa5 d4 35. cxd4 exd4 36. Qd3 Nf4 37. Nxf4 Rxf4 38. Rg1 h6 39. Rg4 Rf5 40. b4
h5 41. Re4 Rd5 42. a6 Qf5 43. Kg2 Qd7 44. Re1 f5 45. Ra1 Qa7 46. b5 g4 47. b6
gxh3+ 48. Kxh3 Qd7 49. f4 Rc5 50. Qg3+ Kh7 51. a7 Rc3 52. a8=Q Qg7 53. Ra7 1-0

[Event "Superettan(Alingsas-Kungstornet)"]
[Site "?"]
[Date "2019.01.12"]
[Round "4"]
[White "Wallenas, Joakim"]
[Black "Glimbrant, Torbjorn"]
[Result "1/2-1/2"]
[WhiteElo "1963"]
[BlackElo "2269"]
[PlyCount "238"]
1. e4 c5 2. Nf3 e6 3. d4 cxd4 4. Nxd4 Nc6 5. Nc3 d6 6. Be3 Nf6 7. Be2 Be7 8.
Qd2 O-O 9. O-O a6 10. f4 Qc7 11. Kh1 Nxd4 12. Bxd4 b5 13. Bf3 e5 14. Be3 Bb7
15. Nd5 Nxd5 16. exd5 Bf6 17. c3 Rfe8 18. fxe5 Bxe5 19. Bd4 Re7 20. Rae1 Rae8
21. Be4 Bxd4 22. Qxd4 Qc4 23. Bd3 Qxd4 24. Rxe7 Rxe7 25. cxd4 Re3 26. Rd1 Bxd5
27. Kg1 g6 28. Kf2 Re7 29. Rc1 Bxa2 30. Rc6 d5 31. Rxa6 Bc4 32. Bxc4 bxc4 33.
Rd6 Rb7 34. Rxd5 Rxb2+ 35. Kf3 Rd2 36. Rd8+ Kg7 37. d5 Kf6 38. Rc8 Rc2 39. Re8
Rd2 40. Rc8 Rc2 41. Re8 Rc1 42. d6 Rd1 43. Rc8 Rd3+ 44. Ke2 Rxd6 45. Rxc4 Kg5
46. Kf3 Rf6+ 47. Kg3 Rf1 48. Rg4+ Kh6 49. Ra4 Kg7 50. Ra6 Rc1 51. Kf3 Rc4 52.
Kg3 g5 53. Ra5 Kg6 54. Ra6+ f6 55. h3 Rf4 56. Ra7 h5 57. Ra5 h4+ 58. Kh2 Rf1
59. Rb5 f5 60. Rb6+ Kh5 61. Rb8 Re1 62. Rh8+ Kg6 63. Rg8+ Kh6 64. Rh8+ Kg7 65.
Ra8 Kf6 66. Rf8+ Kg6 67. Rg8+ Kh6 68. Rh8+ Kg7 69. Ra8 Re6 70. Kg1 Kf6 71. Rg8
Re3 72. Kf2 Rg3 73. Rf8+ Ke5 74. Re8+ Kf4 75. Ra8 Rd3 76. Ra4+ Ke5 77. Ra8 Ke4
78. Ke2 Rd4 79. Ra3 Rb4 80. Re3+ Kf4 81. Rf3+ Ke5 82. Ra3 g4 83. hxg4 fxg4 84.
Ra2 Kf4 85. Kf2 Rd4 86. Rb2 g3+ 87. Ke2 Kg4 88. Rb8 Rf4 89. Ke3 Rf5 90. Ke4 Rg5
91. Rh8 Rg7 92. Ke3 Re7+ 93. Kd3 Re5 94. Rg8+ Rg5 95. Rh8 Rh5 96. Rg8+ Rg5 97.
Rh8 Rg6 98. Ke3 Re6+ 99. Kd3 Re5 100. Rg8+ Kf4 101. Rf8+ Rf5 102. Rh8 Kg5 103.
Rg8+ Kf6 104. Ke3 Rg5 105. Rh8 Rg4 106. Kf3 Rb4 107. Rf8+ Ke5 108. Re8+ Kf6
109. Rf8+ Kg5 110. Rg8+ Kh6 111. Rh8+ Kg7 112. Rh5 Kg6 113. Rh8 Rc4 114. Rg8+
Kf5 115. Rf8+ Ke5 116. Re8+ Kd6 117. Rd8+ Ke5 118. Re8+ Kf5 119. Rf8+ Kg5
1/2-1/2

[Event "Superettan(Vasteras II-Rock,Sthlm II)"]
[Site "?"]
[Date "2019.01.12"]
[Round "4"]
[White "Petersson, Baldur Teodor"]
[Black "Ekenberg, Ulf"]
[Result "1-0"]
[WhiteElo "2152"]
[BlackElo "2004"]
[PlyCount "105"]
1. e4 e5 2. Nf3 Nc6 3. Bc4 Bc5 4. c3 Nf6 5. d4 exd4 6. cxd4 Bb4+ 7. Nc3 Nxe4 8.
O-O Bxc3 9. d5 Bf6 10. Re1 Ne7 11. Rxe4 d6 12. Bg5 Bxg5 13. Nxg5 h6 14. Qe2
hxg5 15. Re1 Be6 16. dxe6 f6 17. Re3 d5 18. Rh3 Rxh3 19. gxh3 g6 20. Qf3 Qd6
21. Qxf6 O-O-O 22. Bd3 g4 23. hxg4 Qb4 24. Re3 Qxg4+ 25. Rg3 Qd1+ 26. Kg2 Re8
27. Bxg6 Nxg6 28. Rxg6 Qd3 29. Qf7 Qe4+ 30. Kg3 Qe5+ 31. Kg4 Qe4+ 32. Kg5 Qg2+
33. Kf6 Qxf2+ 34. Kg7 Qxb2+ 35. Rf6 Qg2+ 36. Qg6 Qxg6+ 37. Rxg6 d4 38. Kf7 Kd8
39. Rg4 c5 40. Rg5 Re7+ 41. Kf6 Rh7 42. Rg8+ Kc7 43. e7 Rxe7 44. Kxe7 d3 45.
Rd8 c4 46. h4 b5 47. h5 b4 48. h6 c3 49. h7 c2 50. h8=Q d2 51. Qe5+ Kb6 52.
Rd6+ Kb7 53. Qb5+ 1-0

[Event "Superettan(Upsala-SodraSASS)"]
[Site "?"]
[Date "2019.01.12"]
[Round "4"]
[White "Furhoff, Johan"]
[Black "Johansson, Jan"]
[Result "1/2-1/2"]
[WhiteElo "2337"]
[BlackElo "2344"]
[PlyCount "85"]
1. e4 d6 2. Nc3 c5 3. f4 Nc6 4. Bb5 g6 5. Nf3 Bg7 6. Bxc6+ bxc6 7. d3 c4 8. d4
Bg4 9. e5 d5 10. O-O e6 11. b3 cxb3 12. axb3 Ne7 13. Na4 O-O 14. Nc5 Qc8 15. h3
Bxf3 16. Rxf3 f6 17. Qd3 Nf5 18. c3 Rf7 19. g4 Ne7 20. exf6 Rxf6 21. Ba3 g5 22.
fxg5 Rxf3 23. Qxf3 Ng6 24. Nd3 Qa6 25. Qf1 Qb6 26. Rb1 e5 27. Bc5 Qc7 28. dxe5
Nxe5 29. Re1 Ng6 30. Re3 Bxc3 31. Qf5 Bg7 32. Qe6+ Kh8 33. Kh1 Qa5 34. Qxc6 Rg8
35. Qxd5 Qd2 36. Bb4 Qc2 37. Qc4 Qd1+ 38. Re1 Qf3+ 39. Kh2 Rd8 40. Bc3 Bxc3 41.
Qxc3+ Kg8 42. Qc4+ Kh8 43. Qc3+ 1/2-1/2

[Event "Superettan(Upsala-SodraSASS)"]
[Site "?"]
[Date "2019.01.12"]
[Round "4"]
[White "Nilsson, Joakim"]
[Black "Winge, Stefan"]
[Result "1-0"]
[WhiteElo "2299"]
[BlackElo "2203"]
[PlyCount "71"]
1. d4 Nf6 2. c4 g6 3. Nf3 Bg7 4. g3 O-O 5. Bg2 d5 6. O-O c6 7. b3 c5 8. cxd5
Nxd5 9. Bb2 Nc6 10. Na3 Ndb4 11. e3 Bf5 12. Nc4 Bd3 13. Re1 Be4 14. Nfe5 Bxg2
15. Kxg2 cxd4 16. exd4 Nxe5 17. Nxe5 Qd5+ 18. Kg1 Rac8 19. Re2 Rfd8 20. a3 Na6
21. Nc4 e6 22. Rd2 Nb8 23. Ne3 Qe4 24. Rc1 Rxc1 25. Qxc1 Nc6 26. Qc5 Bxd4 27.
Bxd4 Nxd4 28. Rxd4 Qxd4 29. Qe7 Qd7 30. Qh4 h5 31. Qg5 Rc8 32. Qf4 Kg7 33. g4
Qc7 34. Qd4+ f6 35. g5 Rf8 36. Nc4 1-0

[Event "Superettan(Manhem-Vaxjo)"]
[Site "?"]
[Date "2019.01.12"]
[Round "4"]
[White "Al Hadarani, Hatim"]
[Black "Solodovnichenko, Yuri"]
[Result "0-1"]
[WhiteElo "2324"]
[BlackElo "2574"]
[PlyCount "84"]
1. Nf3 Nf6 2. g3 d5 3. Bg2 c6 4. O-O Bg4 5. c4 e6 6. Qb3 Qc8 7. d4 Be7 8. Nc3
O-O 9. h3 Bh5 10. g4 Bg6 11. Ne5 Nbd7 12. Nxg6 hxg6 13. Bf4 Nb6 14. c5 Nbd7 15.
Qc2 Bd8 16. Bd6 Re8 17. f4 Bc7 18. Be5 Nf8 19. b4 N6d7 20. g5 f5 21. gxf6 gxf6
22. Bxc7 Qxc7 23. e4 f5 24. e5 a6 25. Rf3 a5 26. b5 b6 27. bxc6 Qxc6 28. Na4
bxc5 29. dxc5 Rab8 30. a3 Nb6 31. Nxb6 Rxb6 32. Rc1 Rb7 33. Rc3 Reb8 34. h4 Rb2
35. Qd1 a4 36. h5 R8b3 37. hxg6 Nxg6 38. Qf3 Kg7 39. Qg3 Qxc5+ 40. Kh2 Rxc3 41.
Rxc3 Qe7 42. Kg1 Qh4 0-1

[Event "Superettan(Vaxjo-Kungstornet)"]
[Site "?"]
[Date "2019.01.11"]
[Round "6"]
[White "Backlund, Anders"]
[Black "Rydstrom, Tom"]
[Result "1-0"]
[WhiteElo "2307"]
[BlackElo "2310"]
[PlyCount "70"]
1. c4 e5 2. Nc3 Nc6 3. g3 g6 4. Bg2 Bg7 5. d3 d6 6. e4 Nge7 7. h4 h5 8. Nge2
Nd4 9. Nxd4 exd4 10. Nd5 c6 11. Nxe7 Qxe7 12. Bg5 Bf6 13. Bxf6 Qxf6 14. Qd2 Bg4
15. f3 Be6 16. f4 Qe7 17. O-O O-O-O 18. Qf2 f6 19. Qxd4 Kb8 20. f5 gxf5 21.
exf5 Bc8 22. Rae1 Qg7 23. Qf4 Rhg8 24. Re3 Qh7 25. Bh3 Qc7 26. Kh2 Rg7 27. Rfe1
Rdg8 28. d4 a6 29. b4 b6 30. R1e2 Bd7 31. a3 c5 32. Bg2 cxd4 33. Qxd4 Ka7 34.
Qd5 Rg4 35. Re8 b5 1-0

[Event "Superettan(Vaxjo-Kungstornet)"]
[Site "?"]
[Date "2019.01.11"]
[Round "6"]
[White "Lindberg, Bengt"]
[Black "Aronsson, Marten"]
[Result "1-0"]
[WhiteElo "2390"]
[BlackElo "2272"]
[PlyCount "77"]
1. e4 e5 2. Nf3 Nc6 3. Bb5 Nf6 4. d3 Bc5 5. c3 d6 6. Nbd2 O-O 7. O-O a6 8. Bxc6
bxc6 9. d4 exd4 10. cxd4 Bb6 11. Qc2 Bd7 12. e5 Nd5 13. Nc4 c5 14. Ng5 g6 15.
Qe4 Bb5 16. dxc5 dxc5 17. Qh4 h5 18. Rd1 Bxc4 19. Qxc4 c6 20. h3 Qe7 21. Re1 f6
22. Nf3 fxe5 23. Rxe5 Qf7 24. Bh6 Rfe8 25. Rae1 Bc7 26. Rxe8+ Rxe8 27. Rxe8+
Qxe8 28. Qxa6 Kh7 29. Bd2 Qd7 30. Qc4 Qf5 31. Qxc5 Qb1+ 32. Qc1 Qxc1+ 33. Bxc1
Nb4 34. a4 Nd3 35. Bd2 Nxb2 36. a5 Nc4 37. a6 Bb6 38. Bc3 Nd6 39. Ba5 1-0

[Event "Superettan(Vaxjo-Kungstornet)"]
[Site "?"]
[Date "2019.01.11"]
[Round "6"]
[White "Andersson, Fredrik"]
[Black "Alle Wahlin, Ambjorn"]
[Result "1/2-1/2"]
[WhiteElo "2287"]
[BlackElo "2231"]
[PlyCount "51"]
1. d4 d5 2. c4 c6 3. Nf3 Nf6 4. e3 Bf5 5. Nc3 a6 6. Bd3 Bg6 7. Ne5 e6 8. O-O
Nbd7 9. f4 Bxd3 10. Qxd3 Bd6 11. Bd2 O-O 12. Be1 Ne8 13. Rd1 f5 14. Kh1 Be7 15.
Rg1 Nd6 16. cxd5 exd5 17. g4 fxg4 18. Nxg4 Qe8 19. Rd2 Kh8 20. Rdg2 Nf5 21. Ne5
Nxe5 22. fxe5 Qh5 23. Qe2 Qh3 24. Nd1 c5 25. Bc3 Rad8 26. Qg4 1/2-1/2

[Event "Superettan(Vaxjo-Kungstornet)"]
[Site "?"]
[Date "2019.01.11"]
[Round "6"]
[White "Glimbrant, Torbjorn"]
[Black "Sevastianov, Andrii"]
[Result "0-1"]
[WhiteElo "2269"]
[BlackElo "2112"]
[PlyCount "86"]
1. Nf3 d5 2. d4 Nf6 3. c4 e6 4. e3 Be7 5. Nc3 O-O 6. Bd3 c5 7. O-O Nc6 8. dxc5
Bxc5 9. a3 dxc4 10. Bxc4 Qc7 11. Qc2 Bd7 12. b4 Be7 13. Bb2 Nxb4 14. Qe2 Rfc8
15. Bb3 Nbd5 16. Rfc1 Nxc3 17. Bxc3 Qd8 18. Ne5 Qf8 19. a4 Bc6 20. Bd4 Bd5 21.
Bc2 Bc5 22. Bb2 b6 23. a5 bxa5 24. Rxa5 Bb4 25. Raa1 a5 26. Rd1 Bc3 27. Bb1 Bb3
28. Bxc3 Bxd1 29. Qd2 Bh5 30. h3 Qc5 31. Bb2 Rd8 32. Nd3 Bg6 33. Bd4 Qb5 34.
Qc3 Rdc8 35. Qa3 h6 36. f3 Nd5 37. e4 Nb4 38. Qb2 f6 39. Bxf6 gxf6 40. Qxf6 Qg5
41. Qxe6+ Bf7 42. Qb6 Nxd3 43. Bxd3 Qc5+ 0-1

[Event "Superettan(Vaxjo-Kungstornet)"]
[Site "?"]
[Date "2019.01.11"]
[Round "6"]
[White "Gonzalez, Emilio"]
[Black "Henriksson, Johan"]
[Result "1/2-1/2"]
[WhiteElo "1959"]
[BlackElo "2262"]
[PlyCount "121"]
[EventDate "2019.??.??"]
1. c4 c6 2. g3 d5 3. Nf3 Nf6 4. Bg2 h6 5. O-O Bf5 6. Qb3 Qb6 7. d3 e6 8. Nc3
Nbd7 9. cxd5 exd5 10. Re1 Bc5 11. Qxb6 axb6 12. d4 Bb4 13. Bd2 O-O 14. Nh4 Bh7
15. Bh3 Rfe8 16. f3 Nf8 17. a3 Bd6 18. Nd1 Ne6 19. Bc3 Nc7 20. Nf2 Nb5 21. Rac1
Ra4 22. e3 Nxc3 23. Rxc3 Rxd4 24. Ne4 Rdxe4 25. fxe4 Nxe4 26. Rb3 Nd2 27. Rxb6
g5 28. Nf5 Bxf5 29. Bxf5 Nf3+ 30. Kf2 Nxe1 31. Kxe1 Rxe3+ 32. Kd2 Rf3 33. g4
Bxh2 34. Rxb7 Be5 35. a4 Rf2+ 36. Kd3 Rxb2 37. Rxb2 Bxb2 38. Bd7 c5 39. Bc6 c4+
40. Ke2 Bd4 41. Bxd5 c3 42. a5 Kg7 43. Kd3 f5 44. gxf5 Kf6 45. Be4 Ba7 46. Kxc3
g4 47. Kd3 Ke5 48. a6 h5 49. Ke2 h4 50. Bb7 h3 51. Kf1 Kxf5 52. Bc6 Kf4 53. Bb7
Kg3 54. Bc8 Bb6 55. Bd7 Kh4 56. Bc6 g3 57. Bb7 Kg5 58. Bc6 Kf5 59. Bb7 Ke5 60.
Ba8 Kd6 61. Bg2 1/2-1/2

[Event "Superettan(Vaxjo-Kungstornet)"]
[Site "?"]
[Date "2019.01.11"]
[Round "6"]
[White "von Bahr, Oskar"]
[Black "Solodovnichenko, Yuri"]
[Result "0-1"]
[WhiteElo "2405"]
[BlackElo "2574"]
[PlyCount "72"]
1. c4 e5 2. g3 d6 3. Bg2 f5 4. Nc3 Nf6 5. e3 Be7 6. d4 O-O 7. Nge2 c6 8. b3 Na6
9. O-O Qe8 10. Ba3 Nc7 11. c5 dxc5 12. Bxc5 Bxc5 13. dxc5 Na6 14. Na4 Be6 15.
Qd2 Qh5 16. Rad1 Rae8 17. f4 Bd5 18. Bxd5+ Nxd5 19. fxe5 Rxe5 20. Nf4 Qg4 21.
Nxd5 Rxd5 22. Qc1 Rfd8 23. Rxd5 Rxd5 24. Qc4 Qxc4 25. bxc4 Rd3 26. Rxf5 Rxe3
27. Nb2 g6 28. Nd1 Rd3 29. Nf2 Rxg3+ 30. hxg3 gxf5 31. Nd3 Kf7 32. Kf2 Kf6 33.
Ke3 Nc7 34. Kf4 Ne6+ 35. Ke3 Kg5 36. Kf3 a6 0-1

[Event "Superettan(Kristallen-Upsala)"]
[Site "?"]
[Date "2018.11.11"]
[Round "3"]
[White "Salih, Akar Ali Salih"]
[Black "Andersson, Goran L"]
[Result "1/2-1/2"]
[WhiteElo "2242"]
[BlackElo "2252"]
[PlyCount "106"]
[EventDate "2018.??.??"]
1. e4 c5 2. Nf3 d6 3. d4 cxd4 4. Nxd4 Nf6 5. Nc3 g6 6. Be3 Bg7 7. f3 Nc6 8. Qd2
O-O 9. Bc4 Bd7 10. O-O-O Rc8 11. Bb3 Ne5 12. h4 h5 13. g4 hxg4 14. h5 Nxh5 15.
Rdg1 g3 16. Bh6 e6 17. Rxh5 gxh5 18. Rxg3 Ng6 19. Nf5 Bxh6 20. Qxh6 Qf6 21. Nd5
exd5 22. Bxd5 Bxf5 23. exf5 Rxc2+ 24. Kxc2 Qxf5+ 25. Be4 Rc8+ 26. Kd1 Qb5 27.
Rxg6+ fxg6 28. Qxg6+ Kf8 29. Qf6+ Ke8 30. Bg6+ Kd7 31. Bf5+ Kc7 32. Qe7+ Kb6
33. Bxc8 Qd3+ 34. Ke1 Qb1+ 35. Kf2 Qc2+ 36. Kg3 Qxc8 37. Qxd6+ Ka5 38. Qd5+ b5
39. Qd2+ Kb6 40. Qd6+ Ka5 41. Qa3+ Kb6 42. Qd6+ Ka5 43. b4+ Ka4 44. Qc5 Qb8+
45. f4 Qg8+ 46. Kf3 Qg4+ 47. Ke4 h4 48. Qxa7+ Kxb4 49. Qd4+ Ka3 50. Qc3+ Kxa2
51. Qa5+ Kb2 52. Qxb5+ Kc3 53. Qc5+ Kb3 1/2-1/2

[Event "Superettan(SodraSASS-Kungstornet)"]
[Site "?"]
[Date "2018.11.11"]
[Round "3"]
[White "Andersson, Fredrik"]
[Black "Fieandt, John"]
[Result "1/2-1/2"]
[WhiteElo "2284"]
[BlackElo "2159"]
[PlyCount "40"]
1. d4 Nf6 2. c4 g6 3. Nc3 d5 4. cxd5 Nxd5 5. e4 Nxc3 6. bxc3 Bg7 7. Nf3 c5 8.
Be3 Qa5 9. Qd2 Nc6 10. Rb1 cxd4 11. cxd4 O-O 12. Qxa5 Nxa5 13. Bd3 b6 14. Ke2
Bb7 15. Bd2 Nc6 16. d5 Ne5 17. Nxe5 Bxe5 18. a4 f5 19. f3 fxe4 20. fxe4 Bc8
1/2-1/2

[Event "Superettan(Kristallen-Upsala)"]
[Site "?"]
[Date "2018.11.11"]
[Round "3"]
[White "Naslund, Mikael"]
[Black "Burwick, Malte"]
[Result "0-1"]
[WhiteElo "2202"]
[BlackElo "2210"]
[PlyCount "124"]
1. d4 g6 2. e4 Bg7 3. c4 d6 4. Nc3 Nf6 5. Be2 O-O 6. Nf3 e5 7. O-O Nc6 8. d5
Ne7 9. Ne1 Nd7 10. f3 f5 11. g4 Kh8 12. g5 Rf7 13. Nd3 f4 14. h4 h6 15. Rf2 Bf8
16. Rg2 Ng8 17. Kf2 Be7 18. Qg1 Nf8 19. Bd2 hxg5 20. hxg5 Nh7 21. Qh2 Kg7 22.
Rh1 Nxg5 23. Qh8+ Kf8 24. Ke1 Bf6 25. Qh2 a5 26. Kd1 Bd7 27. Nf2 Rh7 28. Qg1
Rxh1 29. Qxh1 Kg7 30. Ng4 Bxg4 31. Rxg4 Nh6 32. Rg1 Qd7 33. Qg2 b6 34. Kc1 Rh8
35. Rh1 Ngf7 36. Bf1 g5 37. Qf2 g4 38. fxg4 Nxg4 39. Rg1 Kf8 40. Qe2 Nh2 41.
Nb5 Nxf1 42. Qxf1 Ng5 43. Bxf4 exf4 44. Qxf4 Qf7 45. Qf5 Rh2 46. e5 Bxe5 47.
Qc8+ Qe8 48. Qf5+ Nf7 49. Nxc7 Bf4+ 50. Kb1 Qe5 51. Qc8+ Ke7 52. Qe6+ Qxe6 53.
dxe6 Be5 54. exf7 Rxb2+ 55. Kc1 Rxa2 56. Rg8 Kxf7 57. Rb8 Ra4 58. Nd5 Rxc4+ 59.
Kb1 Ke6 60. Nxb6 Rb4+ 61. Kc2 Bd4 62. Re8+ Kf7 0-1

[Event "Superettan(SodraSASS-Kungstornet)"]
[Site "?"]
[Date "2018.11.11"]
[Round "3"]
[White "Winge, Stefan"]
[Black "Aronsson, Marten"]
[Result "1/2-1/2"]
[WhiteElo "2225"]
[BlackElo "2269"]
[PlyCount "56"]
1. e4 e5 2. Nf3 Nc6 3. Bc4 Nf6 4. d3 h6 5. Nbd2 g6 6. Bb5 d6 7. d4 exd4 8. Nxd4
Bd7 9. Nxc6 Bxc6 10. Bxc6+ bxc6 11. O-O Bg7 12. a4 O-O 13. Ra3 Re8 14. Re3 Qd7
15. Rfe1 c5 16. b3 Re7 17. Nc4 Rae8 18. f3 d5 19. exd5 Nxd5 20. Rxe7 Rxe7 21.
Rxe7 Qxe7 22. Kf1 Nb4 23. Be3 Bd4 24. Qd2 Bxe3 25. Nxe3 Qd6 26. Qxd6 cxd6 27.
Ke2 f5 28. Kd2 Kf7 1/2-1/2

[Event "Superettan(Kristallen-Upsala)"]
[Site "?"]
[Date "2018.11.11"]
[Round "3"]
[White "Malm Lindberg, Henrik"]
[Black "Subramanian, Aditya"]
[Result "1-0"]
[WhiteElo "2193"]
[BlackElo "2151"]
[PlyCount "65"]
1. e4 e5 2. Nf3 Nc6 3. Nc3 Nf6 4. d4 exd4 5. Nxd4 Bb4 6. Nxc6 bxc6 7. Bd3 d5 8.
exd5 O-O 9. O-O cxd5 10. Qf3 c6 11. h3 Bd6 12. Bf4 Rb8 13. b3 Rb4 14. Bxd6 Qxd6
15. Rfe1 Be6 16. Rad1 a5 17. Na4 c5 18. c4 d4 19. Nc3 Rd8 20. Nb5 Qb6 21. Re5
a4 22. Rde1 Kh8 23. Bc2 Bd7 24. Re7 Rf8 25. bxa4 Be6 26. R1xe6 fxe6 27. Qg3 Rg8
28. Nd6 g6 29. Qe5 Rb1+ 30. Bxb1 Qxb1+ 31. Kh2 Rf8 32. Rxe6 Kg7 33. Ne8+ 1-0

[Event "Superettan(SodraSASS-Kungstornet)"]
[Site "?"]
[Date "2018.11.11"]
[Round "3"]
[White "Backlund, Anders"]
[Black "Fors, Tomas"]
[Result "1-0"]
[WhiteElo "2300"]
[BlackElo "2138"]
[PlyCount "43"]
1. e4 e6 2. d4 d5 3. Nc3 Bb4 4. e5 c5 5. a3 Bxc3+ 6. bxc3 Nc6 7. Qg4 g6 8. Nf3
Qa5 9. Bd2 Qa4 10. Ra2 Bd7 11. Qf4 h6 12. h4 c4 13. Be2 Rh7 14. Nh2 O-O-O 15.
Ng4 g5 16. Qh2 h5 17. hxg5 f5 18. exf6 Be8 19. Ne5 Nxe5 20. Qxe5 Bg6 21. Bf4
Bxc2 22. Bg4 1-0

[Event "Superettan(Kristallen-Upsala)"]
[Site "?"]
[Date "2018.11.11"]
[Round "3"]
[White "Hansson, Fredrik"]
[Black "Cardenas, William"]
[Result "1-0"]
[WhiteElo "2171"]
[BlackElo "2089"]
[PlyCount "85"]
1. e4 e5 2. Nf3 Nc6 3. Bb5 a6 4. Ba4 Nf6 5. O-O Be7 6. Re1 b5 7. Bb3 O-O 8. a4
b4 9. d4 d6 10. dxe5 Nxe5 11. h3 Bb7 12. Nbd2 h6 13. Nxe5 dxe5 14. Qf3 Kh8 15.
Nc4 Bd6 16. Na5 Rb8 17. Nxb7 Rxb7 18. a5 Bc5 19. Bc4 Ra7 20. Rd1 Qe7 21. Be3
Raa8 22. Rd3 Kh7 23. g3 Bxe3 24. Qxe3 g6 25. Rad1 Kg7 26. Bd5 Rad8 27. Qa7 Nxd5
28. Rxd5 Rxd5 29. exd5 Qd6 30. c4 bxc3 31. bxc3 Rd8 32. c4 Qd7 33. Qxa6 Rb8 34.
Qa7 Rb2 35. Qe3 Qf5 36. c5 Ra2 37. d6 cxd6 38. cxd6 Qc2 39. Qxe5+ Kh7 40. Qd4
Ra4 41. Qd2 Qc8 42. d7 Qd8 43. Qd5 1-0

[Event "Superettan(SodraSASS-Kungstornet)"]
[Site "?"]
[Date "2018.11.11"]
[Round "3"]
[White "Adler, Bo"]
[Black "Glimbrant, Torbjorn"]
[Result "1/2-1/2"]
[WhiteElo "2156"]
[BlackElo "2261"]
[PlyCount "55"]
1. d4 d5 2. c4 dxc4 3. e4 Nf6 4. Nc3 c5 5. Bxc4 e6 6. Nf3 cxd4 7. Qxd4 Qxd4 8.
Nxd4 a6 9. a4 Bb4 10. f3 O-O 11. Be3 Bd7 12. Kf2 Rc8 13. Be2 Nc6 14. Nxc6 Rxc6
15. Rhd1 Be8 16. Na2 Be7 17. Nc1 Rac8 18. Nd3 Nd7 19. Bd4 Nc5 20. Nxc5 Bxc5 21.
Ke3 Kf8 22. Bxc5+ Rxc5 23. Rd4 Ke7 24. Rb4 R8c7 25. Bd3 e5 26. Rb6 f6 27. Ra3
R5c6 28. Rxc6 1/2-1/2

[Event "Superettan(Kristallen-Upsala)"]
[Site "?"]
[Date "2018.11.11"]
[Round "3"]
[White "Nilsson, Joakim"]
[Black "Persson, Andreas"]
[Result "1-0"]
[WhiteElo "2162"]
[BlackElo "2109"]
[PlyCount "103"]
1. d4 Nf6 2. c4 e6 3. g3 d5 4. Nf3 Be7 5. Bg2 O-O 6. O-O dxc4 7. Qc2 a6 8. a4
Bd7 9. Qxc4 Bc6 10. Bg5 Bd5 11. Qc2 Be4 12. Qc1 c6 13. Rd1 Nbd7 14. Nbd2 Bf5
15. Nc4 h6 16. Bxf6 Nxf6 17. a5 Rc8 18. Nfe5 Rc7 19. Nb6 Bh7 20. Qc4 Bd6 21.
Qb3 Re8 22. Rac1 Qb8 23. Nd3 Nd7 24. Nc5 Bxc5 25. dxc5 Nxb6 26. Qxb6 Qc8 27.
Rd6 Rd7 28. Rcd1 Rxd6 29. Rxd6 Bc2 30. Qb4 e5 31. e4 Bb1 32. b3 f5 33. Bh3 Bxe4
34. Qxe4 fxe4 35. Bxc8 Rxc8 36. Rd7 Rb8 37. Kf1 Kh7 38. Ke2 Kg6 39. Ke3 Kf6 40.
Kxe4 g6 41. h4 h5 42. Rd6+ Kf7 43. Kxe5 Re8+ 44. Kf4 Re7 45. f3 Kg7 46. g4 hxg4
47. fxg4 Kh7 48. Kg5 Re5+ 49. Kf6 Rxc5 50. Rd7+ Kh6 51. Rd8 Kh7 52. g5 1-0

[Event "Superettan(SodraSASS-Kungstornet)"]
[Site "?"]
[Date "2018.11.11"]
[Round "3"]
[White "Larsson, Anders"]
[Black "Broden, Per"]
[Result "1-0"]
[WhiteElo "2238"]
[BlackElo "1997"]
[PlyCount "63"]
1. d4 Nf6 2. Nf3 d6 3. g3 g6 4. Bg2 Bg7 5. O-O O-O 6. a4 a5 7. Re1 Nc6 8. e4
Rb8 9. Nc3 Bg4 10. h3 Bxf3 11. Bxf3 Nd7 12. Be3 e5 13. dxe5 Ndxe5 14. Be2 Nb4
15. f4 Nec6 16. Bf3 Qf6 17. Bg2 Rfe8 18. Rb1 Nd4 19. Nd5 Nxd5 20. exd5 b5 21.
c3 Nf5 22. Bf2 Rxe1+ 23. Qxe1 Qe7 24. g4 Qxe1+ 25. Rxe1 Nh6 26. axb5 Rxb5 27.
Re8+ Bf8 28. Bd4 f5 29. g5 Nf7 30. Bf6 Ne5 31. fxe5 dxe5 32. Rc8 1-0

[Event "Superettan(Kristallen-Upsala)"]
[Site "?"]
[Date "2018.11.11"]
[Round "3"]
[White "Gamback, Bjorn"]
[Black "Sittenfeld, Johan"]
[Result "1/2-1/2"]
[WhiteElo "2107"]
[BlackElo "2149"]
[PlyCount "59"]
1. Nf3 Nf6 2. c4 e6 3. b3 d5 4. cxd5 exd5 5. Bb2 Bd6 6. g3 O-O 7. Bg2 c6 8. O-O
Re8 9. Re1 Bg4 10. d3 Nbd7 11. Nbd2 Bxf3 12. Nxf3 Ne5 13. Nxe5 Bxe5 14. Bxe5
Rxe5 15. e3 h6 16. b4 a5 17. a3 Re8 18. Qc2 Qd7 19. Ra2 Ra6 20. Rb1 axb4 21.
axb4 Rea8 22. Rba1 Rxa2 23. Rxa2 Qd8 24. Qb1 Qf8 25. Ra5 b6 26. Rxa8 Qxa8 27.
Qb2 Qa4 28. Bf3 Qb5 29. Qa3 Kh7 30. Be2 1/2-1/2

[Event "Superettan(SodraSASS-Kungstornet)"]
[Site "?"]
[Date "2018.11.11"]
[Round "3"]
[White "Alquist, Erik"]
[Black "Henriksson, Johan"]
[Result "0-1"]
[WhiteElo "2065"]
[BlackElo "2259"]
[PlyCount "36"]
1. e4 c6 2. d4 d5 3. Nc3 dxe4 4. Nxe4 Nf6 5. Nxf6+ gxf6 6. g3 Qd5 7. Nf3 Bf5 8.
c4 Qe4+ 9. Qe2 Na6 10. Bd2 O-O-O 11. Bc3 e5 12. Rd1 Nb4 13. Bg2 exd4 14. Bxd4
Nd3+ 15. Rxd3 Qxd3 16. Qxd3 Bxd3 17. Kd2 Be4 18. Kc3 c5 0-1

[Event "Superettan(Manhem-Vasteras II)"]
[Site "?"]
[Date "2018.11.11"]
[Round "3"]
[White "Jonsson, Mikael"]
[Black "Rozentalis, Eduardas"]
[Result "0-1"]
[WhiteElo "2244"]
[BlackElo "2510"]
[PlyCount "112"]
[SourceDate "2018.11.16"]
1. d4 Nf6 2. c4 e6 3. Nc3 Bb4 4. Qc2 d6 5. Nf3 O-O 6. g3 Re8 7. a3 Bxc3+ 8.
Qxc3 Qe7 9. Bg2 e5 10. dxe5 dxe5 11. O-O Nc6 12. b4 Bg4 13. Re1 Rad8 14. Be3
Qd7 15. Ra2 Ne4 16. Qa1 Bh3 17. Bh1 h6 18. Nd2 Nf6 19. Ne4 Nxe4 20. Bxe4 Nd4
21. Rd2 c6 22. Bxd4 exd4 23. Bf3 b6 24. c5 bxc5 25. bxc5 Re5 26. Red1 Rxc5 27.
Be4 Rc4 28. f3 c5 29. Qb2 Qe6 30. Qb3 Rc1 31. Qxe6 Rxd1+ 32. Rxd1 Bxe6 33. e3
Bb3 34. Rb1 c4 35. exd4 Rxd4 36. Rb2 Rd1+ 37. Kf2 Ra1 38. Rd2 g6 39. Rd8+ Kg7
40. Rc8 Rxa3 41. Rc7 Kf6 42. Bd5 Ke5 43. Bxf7 Kd4 44. Rd7+ Kc3 45. Rc7 Ra2+ 46.
Ke3 a5 47. f4 a4 48. Bxg6 a3 49. f5 Ra1 50. f6 Rf1 51. f7 a2 52. Ra7 Kb2 53. g4
c3 54. Bf5 Bxf7 55. Rxf7 a1=Q 56. Rb7+ Kc1 0-1